Ảnh hưởng của dự án xây dựng đường cao tốc cầu Gĩe -Ninh Bình tới môi trường tỉnh.

Cơ sở lý luận chung của đề tài ...Vài nét khái quát về tỉnh Hà Nam và dự án xây dựng đường cao tốc cầu Gĩe - Ninh Bình...Ảnh hưởng của dự án xây dựng đường cao tốc cầu Gĩe - Ninh Bình tới môi trường tỉnh Hà Nam và một số biện pháp phòng ngừa, giảm thiểu tác động xấu của dự án tới môi trường......

पूर्ण विवरण

में बचाया:
ग्रंथसूची विवरण
मुख्य लेखक: Nguyễn, Thị Thu
अन्य लेखक: Nguyễn, Văn Nam Người hướng dẫn (शोध सलाहकार)
स्वरूप: पुस्तक
भाषा:Vietnamese
प्रकाशित: Đại học Sư Phạm Đại học Đà Nẵng 2009
विषय:
टैग : टैग जोड़ें
कोई टैग नहीं, इस रिकॉर्ड को टैग करने वाले पहले व्यक्ति बनें!
Thư viện lưu trữ: Mạng thư viện Đại học Đà Nẵng
LEADER 01634nam a2200325 4500
001 000011251
003 7487
005 20120202160221.0
008 120202s2009 viesd
041 |a vie 
072 |a Khóa luận tốt nghiệp - Cử nhân địa lý 
082 |a 363.739  |b NG-T 
100 1 |a Nguyễn, Thị Thu 
245 1 |a Ảnh hưởng của dự án xây dựng đường cao tốc cầu Gĩe -Ninh Bình tới môi trường tỉnh.  |c Nguyễn, Thị Thu 
260 |a Đại học Sư Phạm  |b Đại học Đà Nẵng  |c 2009 
300 |a 58 tr.  |c 29 cm.  |e bản đồ, hình ảnh 
500 |a Khóa luận tốt nghiệp 
520 |a Cơ sở lý luận chung của đề tài ...Vài nét khái quát về tỉnh Hà Nam và dự án xây dựng đường cao tốc cầu Gĩe - Ninh Bình...Ảnh hưởng của dự án xây dựng đường cao tốc cầu Gĩe - Ninh Bình tới môi trường tỉnh Hà Nam và một số biện pháp phòng ngừa, giảm thiểu tác động xấu của dự án tới môi trường... 
653 |a Tỉnh Hà Nam 
700 |a Nguyễn, Văn Nam  |c Người hướng dẫn  |e ThS 
OWN |a LSP 
AVA |a UDN50  |b LSP  |d 363.739 NG-T  |e available  |t Error 5001 Not defined in file expand_doc_bib_avail.  |f 1  |g 0  |h N  |i 0  |k 1 
999 |a From the UDN01 
AVA |a UDN50  |b LSP  |d 363.739 NG-T  |e available  |t Error 5001 Not defined in file expand_doc_bib_avail.  |f 1  |g 0  |h N  |i 0  |k 1 
TYP |a Monograph 
TYP |a Printed language 
980 |a Mạng thư viện Đại học Đà Nẵng